01431cam a22003497a 4500003000500000005001700005008004100022010001000063011001000073035001000083040000900093090001000102100003600112245008200148260004200230300002000272502011200292590003700404590004100441590004100482590004100523590004200564650004700606650003200653901000700685942000900692949004200701949005500743999001700798952013900815952012700954CHAP20220329135447.0971013s1986 r 00010 d a36868 a37840 a41960 cCHAP aTesis00aOrtiz Ortiz, Johnny Roy.98404013aLa alimentación de la ganadería familiarb: El caso de Moxolahuac, Puebla aMontecillo, Méx. :bEl autor,c1986 a156 h.b: ilus. aTesis (M. C. Esp. en Desarrollo Rural) -- Colegio de Postgraduados. Centro de Estudios del Desarrollo Rural aALEPHb10c20130110lUCH01h1302 aBATCH-UPDb10c20130110lUCH01h2019 aBATCH-UPDb10c20130410lUCH01h1337 aBATCH-UPDb10c20130914lUCH01h1457 aCONVERSIONb10c20130109lUCH01h132114aAlimentos y alimentacion del ganado.9432614aGanaderíaxPuebla.944838 aBK cFOLL bBCcTESd-96441eTS1h18691i41960si bBCcTESd33724000948089eTS2fc.2h18692i41960si c36868d36868 00102local4053708TESISaBCbBCcPA_TESISd2019-12-31fFOLLl0oTesisp33724000948089r2019-12-31 00:00:00tc.2w2019-12-31yTESIS 00102local4051708TESISaBCbBCcPA_TESISd2019-12-31fTESISl0oTesisp-96441r2019-12-31 00:00:00w2019-12-31yTESIS